| 000 | 00386nam a22001697a 4500 | ||
|---|---|---|---|
| 003 | CEME | ||
| 005 | 20210628203414.0 | ||
| 008 | 210118b xxu||||| |||| 00| 0 eng d | ||
| 020 | _a9693505492 | ||
| 040 | _cceme | ||
| 082 | _a891.4393 QUD | ||
| 100 |
_aQudrat Ullah Shahab _99763 |
||
| 245 | _aMaa jee | ||
| 260 |
_aLAHORE _bSANGE MEEL _c2000 |
||
| 300 | _a`225P | ||
| 942 |
_cBK _2ddc |
||
| 999 |
_c573514 _d573514 |
||